Dosah vysokofrekvenčného obchodovania na finančný trh

Charakteristika vysoko-frekvenčného obchodovania. Vysoko-frekvenčné obchodovanie nepredstavuje iba jeden typ obchodovania, ale zahŕňa viacero možností: obchodníci na rabat likvidity, algoritmickí dravci, automatizovaní tvorcovia trhu, programátorskí obchodníci. Dosah obchodovania na futures. Regulác...

Full description

Saved in:
Bibliographic Details
Main Author: Kmeťko, Miroslav, 1969-
Other Authors: Škriniar, Pavel, 1979-
Format: Book Chapter
Language:Slovak
Subjects:
Tags: Add Tag
No Tags, Be the first to tag this record!

MARC

LEADER 00000nla a2200000 4500
001 0192809
005 20240502073232.2
041 0 |a slo 
044 |a SK 
245 1 0 |a Dosah vysokofrekvenčného obchodovania na finančný trh  |c Miroslav Kmeťko, Pavel Škriniar 
520 |a Charakteristika vysoko-frekvenčného obchodovania. Vysoko-frekvenčné obchodovanie nepredstavuje iba jeden typ obchodovania, ale zahŕňa viacero možností: obchodníci na rabat likvidity, algoritmickí dravci, automatizovaní tvorcovia trhu, programátorskí obchodníci. Dosah obchodovania na futures. Regulácia vysoko-frekvenčného obchodovania. 
610 2 0 |a trh finančný 
610 2 0 |a obchodovanie vysokofrekvenčné 
610 2 0 |a obchody burzové 
610 2 0 |a futurity 
610 2 0 |a regulácia 
100 1 |a Kmeťko, Miroslav, 1969- 
700 1 |a Škriniar, Pavel, 1979-